| 000 | 00536cam a2200205ua 4500 | ||
|---|---|---|---|
| 001 | 10425 | ||
| 008 | 190206n ii |||gr||||Z||||||eng | ||
| 020 | _a9789311123622 | ||
| 040 | _cMAIN | ||
| 041 | _aeng | ||
| 082 | _a030 | ||
| 100 |
_aAnurag Kumar, _eAuthor. |
||
| 245 |
_aSolved papers of Staff Selection Commission (SSC) _bgeneral studies |
||
| 260 |
_aMeerut: _bArihant. |
||
| 300 | _a678+17 p. | ||
| 653 | _aGeneral encyclopedic works | ||
| 653 | _aGeneral studies | ||
| 700 |
_aHari Narayan Dwivedi, _eAuthor. |
||
| 942 | _cBK | ||
| 999 |
_c9413 _d9413 |
||